Historia de Cataluña / F. Valls-Taberner y F. Soldevila ; traducida del catalán por Núria Sales
Publicado:
Barcelona :
Consejo Superior de Investigaciones Científicas, Escuela de Estudios Medievales ,
1955
Descripción Física:
2 v. ; 23 cm
Materias:
Catalunya -- Història
MARC
| LEADER | 00000nam a2200000Ia 4500 | ||
|---|---|---|---|
| 001 | 11631, 11632 | ||
| 003 | BGR | ||
| 005 | 20260324175629.0 | ||
| 008 | 160829s1955 - 1957 xx 000 0 cat d | ||
| 080 | |a H-1-117, H-1-118 | ||
| 100 | |a Valls i Taberner, Ferran | ||
| 245 | |a Historia de Cataluña / F. Valls-Taberner y F. Soldevila ; traducida del catalán por Núria Sales | ||
| 260 | |a Barcelona : |b Consejo Superior de Investigaciones Científicas, Escuela de Estudios Medievales, |c 1955 - 1957 | ||
| 300 | |a 2 v. ; |c 23 cm | ||
| 490 | |a Obras selectas de Fernando Valls-Taberner ; vol. 3 | ||
| 650 | |a Catalunya |x Història |9 24030 | ||
| 700 | 1 | |a Soldevila, Ferran, |d 1894-1971 |9 35828 | |
| 700 | |a Sales, Núria, tr. |9 35829 | ||
| 710 | 2 | |a Consejo Superior de Investigaciones Científicas (CSIC) (Espanya) |9 53988 | |
| 710 | 1 | |a Escuela de Estudios Medievales (Madrid) |9 70823 | |
| 901 | |a Arxiu | ||
| 942 | |n 1 |2 udc |c MON | ||
| 952 | |0 0 |1 0 |4 0 |6 H1117_H1118 |7 1 |9 47092 |a Arxiu |b Arxiu |d 2016-12-01 |l 0 |o H-1-117, H-1-118 |p 11631, 11632 |r 2016-12-01 00:00:00 |w 2016-12-01 |y ARXIU | ||
| 999 | |c 50886 |d 50886 | ||